000 00616nam a2200241Ia 4500
003 OSt
005 20220912151451.0
006 a|||||r|||| 00| 0
007 ta
008 220909b |||||||| |||| 00| 0 eng d
024 _a34615
037 _cTextual
040 _aCSL
_beng
_cCSL
041 _aeng
082 _aY74477N.351, N0
100 _aMaitra Kiran Shankar
245 0 _aNaga folk teler
260 _aNew Delhi
_b Mittal Pub
_c1990
300 _a58p.
_ccm.
650 _aIndians
942 _hY74477N.351, N0
_cTEXL
_2CC
999 _c69168
_d69168